Responses for show #3616 - Monday, May 1, 2000

Contestants

Mary Mogan Edwards, a journalist from Columbus, Ohio

David Orlin, a lawyer from Washington, D.C.

Alan Taber, a mechanical engineer from Lancaster, California (whose 3-day cash winnings total $36,100)

Jeopardy! Round responses

LITERATURE
BANDS
COLLECTIBLES
PRESIDENTS SINCE 1970
FARMING
"EZ" DOES IT
    $100 2
Madeline

Mary
    $100 1
Nirvana

David
    $100 14
(Mary: What is red?)

brunette/brown

AlanMary
    $100 3
Jimmy Carter

Alan
    $100 16
poultry/egg farm

Mary
    $100 17
embezzlement

Alan
    $200 8
the Green Knight

Alan
    $200 4
The 5th Dimension

Mary
    $200 15
(Alan: What are comic books?)

stamps

AlanDavid
    $200 12
Ronald Reagan

Alan
    $200 22
Baler

Alan
    $200 18
the Suez Canal

David
    $300 9
Tennessee Williams

Alan
    $300 5
The Commodores

Mary
    $300 28
a dust jacket

Alan
    $300 13
Bill Clinton

David
    $300 23
crop-dusting

David
    $300 19
Joan Baez

Alan
    $400 10
The Stranger (L'Etranger)

Triple Stumper
    $400 6
The Doors

Mary
    $400 29
(Alan: What is Paramount?)

Hallmark

AlanDavid
    $400 26
(Mary: Who is Johnson?)

Gerald Ford

DavidMary
    $400 24
(Alan: What are pumps?)

Dairy cows

Alan
Triple Stumper
    $400 20
Montezuma

Alan
    $500 11
Dombey and Son

Triple Stumper
    $500 7
Iron Butterfly

Mary
    $500 30
Hopalong Cassidy

Alan
    $500 27
George H.W. Bush

David
    $700 25
(Alex: Less than a minute to go.)

Harrow

David
    $500 21
Nez Perce

Alan

Scores at the first commercial break (after clue 15):

Alan David Mary
$700 $600 $1,400

Scores at the end of the Jeopardy! Round:

Alan David Mary
$2,200 $3,100 $1,100

Double Jeopardy! Round responses

THE SMALLEST IN AREA
FAMOUS FEMALES
WORDS WITHIN WORDS
BALLOONS
WALLOONS
LOONEY TUNES
    $200 22
Iceland

Alan
    $200 10
(Mary: Who is Abigail Adams?)

Martha Washington

AlanMary
    $200 14
one (in phoneetically)

Alan
    $200 3
a trial balloon

Mary
    $200 6
Belgium

Alan
    $200 1
(David: Who is Elmer Fudd?)
(Alan: Who is Daffy Duck?)

Porky Pig

AlanDavid
Triple Stumper
    $400 26
India

David
    $400 11
(Alan: Who is Leslie Walters?)

Barbara Walters

AlanMary
    $400 15
lust (in illustrations)

Alan
    $400 4
the Macy's Thanksgiving Day Parade

Alan
    $400 7
coal

Mary
    $400 2
Tasmanian Devil

Alan
    $600 23
Pakistan

Alan
    $600 19
Parker Posey

David
    $600 16
shear (in misheard)

Mary
    $600 5
(Mary: Who is Malcolm Forbes?)

Richard Branson

DavidMary
    $600 27
Spa

Triple Stumper
    $600 8
Foghorn Leghorn

Alan
    $800 24
Peru

David
    $800 20
ballerina

Mary
    $800 17
cement (in reinforcements)

Triple Stumper
    $800 9
red

David
    $800 28
Gaul

David
    $800 12
(Alan: Who is Marvin the Martian?)

Wile E. Coyote

AlanMary
    $1000 25
Germany

Alan
    $1,400 21
(Alex: With less than a minute to go.)

Indonesia

Mary
    $1000 18
ache (in detached)

Triple Stumper
    $900 29
[The end-of-round signal sounds.]

Albany, New York

David
    $1000 13
Jim Backus

Triple Stumper

Scores at the end of the Double Jeopardy! Round:

Alan David Mary
$5,000 $7,800 $4,900

[wagering suggestions for these scores]

Final Jeopardy! Round responses

SCULPTURE
(Alex: The Crazy Horse Monument is a work in progress & is in South Dakota.)
MaryWhat is the Crazy Horse monument?
$1,000
AlanWhat is Stone Mountain?
$5,000
DavidWhat is Mt. Rushmore?
$2,201
Stone Mountain (in Georgia)

Final scores:

Alan David Mary
$10,000 $5,599 $3,900
4-day champion: $46,100 2nd place: a trip to Atlantis Paradise Island Resort, Bahamas 3rd place: VTech cordless phones

Game dynamics:

Coryat scores:

Alan David Mary
$5,000 $7,700 $4,500
22 R,
6 W
16 R
(including 2 DDs),
1 W
13 R
(including 1 DD),
4 W

Combined Coryat: $17,200

The J! Archive is created by fans, for fans. The Jeopardy! game show and all elements thereof, including but not limited to copyright and trademark thereto, are the property of Jeopardy Productions, Inc. and are protected under law. This website is not affiliated with, sponsored by, or operated by Jeopardy Productions, Inc. Join the discussion at JBoard.tv.